Super Mario Bros. Wonder Worlds - Statistics

General Stats
  • This quiz has been taken 91 times
  • The average score is 6 of 8
Answer Stats
World % Correct
Pipe-Rock Plateau
86%
Special World
81%
Petal Isles
79%
Sunbaked Desert
75%
Fungi Mines
74%
Fluff-Puff Peaks
72%
Shining Falls
69%
Deep Magma Bog
65%
No matching quizzes found
Score Distribution
Percent of People with Each Score
Percentile by Number Answered
Your Score History
You have not taken this quiz